Санитарно-гигиеническое нормирование и требования к радиационному контролю атомных теплоэлектростанций малой мощности на базе плавучего энергоблока; АНРИ; Аппаратура и новости радиационных измерений; № 4
| Parent link: | АНРИ.— , 2000- Аппаратура и новости радиационных измерений: научно-информационный журнал/ Доза ; Государственный комитет по санэпиднадзору РФ ; Метрологическая академия РФ № 4.— 2004.— С. 28-31 |
|---|---|
| Hovedforfatter: | |
| Sprog: | russisk |
| Udgivet: |
2004
|
| Serier: | Новости |
| Fag: | |
| Format: | Book Chapter |
| KOHA link: | https://koha.lib.tpu.ru/cgi-bin/koha/opac-detail.pl?biblionumber=394965 |
MARC
| LEADER | 00000naa2a2200000 4500 | ||
|---|---|---|---|
| 001 | 394965 | ||
| 005 | 20231101064548.0 | ||
| 035 | |a (RuTPU)RU\TPU\prd\32026 | ||
| 090 | |a 394965 | ||
| 100 | |a 20050125a2004 k y0rusy50 ca | ||
| 101 | 0 | |a rus | |
| 102 | |a RU | ||
| 200 | 1 | |a Санитарно-гигиеническое нормирование и требования к радиационному контролю атомных теплоэлектростанций малой мощности на базе плавучего энергоблока |f А. Я. Блехер | |
| 225 | 1 | |a Новости | |
| 461 | 1 | |0 (RuTPU)RU\TPU\prd\1302 |t АНРИ |d 2000- | |
| 461 | |t Аппаратура и новости радиационных измерений |o научно-информационный журнал |f Доза ; Государственный комитет по санэпиднадзору РФ ; Метрологическая академия РФ | ||
| 463 | 1 | |0 (RuTPU)RU\TPU\prd\31178 |t № 4 |v С. 28-31 |d 2004 | |
| 610 | 1 | |a плавучие энергоблоки | |
| 610 | 1 | |a атомные теплоэлектростанции | |
| 610 | 1 | |a малая мощность | |
| 610 | 1 | |a радиационный контроль | |
| 610 | 1 | |a строительство | |
| 610 | 1 | |a санитарно-гигиеническое нормирование | |
| 610 | 1 | |a требования | |
| 610 | 1 | |a реакторные установки | |
| 700 | 1 | |a Блехер |b А. Я. | |
| 801 | 1 | |a RU |b 63413507 |c 20050125 |g PSBO | |
| 801 | 2 | |a RU |b 63413507 |c 20120321 |g RCR | |
| 942 | |c BK | ||